000 01262cam a2200133 4500500
005 20251214005341.0
041 _afre
042 _adc
100 1 0 _aVan de Velde, Cécile
_eauthor
245 0 0 _aSociologie des âges de la vie
260 _bArmand Colin,
_c2015.
520 _aDe l’enfance à la vieillesse, comment se structurent aujourd’hui les différents temps de la vie ? Que signifie être « jeune » ou être « vieux » dans nos sociétés contemporaines ? Cet ouvrage mobilise les apports et les outils de ce champ sociologique pour mieux penser la façon dont se déroulent les âges et se métamorphosent nos vies. Il confronte les principales approches des existences – prisme des « âges », prisme des « parcours », prisme des « générations » – et montre comment elles sont mises à l’épreuve par des frontières de plus en plus floues et complexes entre l’éducation, l’activité et la retraite. De la naissance à la mort, il décrypte la façon dont nos sociétés organisent aujourd’hui l’expérience des âges et régulent les rapports entre générations face à la crise.
856 4 1 _uhttps://shs.cairn.info/sociologie-des-ages-de-la-vie--9782200600501?lang=fr&redirect-ssocas=7080
999 _c1568791
_d1568791